[Event "Rychnov Seniors op"]
[Site "Rychnov nad Kneznou"]
[Date "2012.08.20"]
[Round "1"]
[White "Macura, Emil"]
[Black "Babicky, Frantisek"]
[Result "1-0"]
[WhiteElo "2073"]
[BlackElo "1740"]
[PlyCount "59"]
[EventDate "2012.08.20"]
[EventType "swiss"]
[EventRounds "9"]
[EventCountry "CZE"]
[SourceTitle "CBM 150 Extra"]
[Source "ChessBase"]
[SourceDate "2012.10.19"]
[SourceVersion "1"]
[SourceVersionDate "2012.10.19"]
[SourceQuality "1"]

1. d4 g6 2. e4 Bg7 3. Bc4 e6 4. Nc3 Ne7 5. Nf3 0-0 6. Bg5 c6 7. e5 d5 8. exd6 Qxd6 9. Ne4 Qc7 10. Qd2 Nf5 11. 0-0-0 b5 12. Bb3 a5 13. a3 Na6 14. g4 a4 15. Ba2 Nd6 16. Nxd6 Qxd6 17. c3 Bb7 18. h4 Rac8 19. Qe3 Rfe8 20. Bf4 Qe7 21. Rhe1 c5 22. d5 c4 23. d6 Qd7 24. Ne5 Bxe5 25. Bxe5 f5 26. h5 Rc5 27. hxg6 Rd5 28. gxh7+ Qxh7 29. Rxd5 Bxd5 30. Qg5+ 1-0

[Event "Liberec Metalmex op"]
[Site "Liberec"]
[Date "2012.08.15"]
[Round "6"]
[White "Hejduk, Miroslav"]
[Black "Babicky, Frantisek"]
[Result "1-0"]
[WhiteElo "1711"]
[BlackElo "1740"]
[PlyCount "105"]
[EventDate "2012.08.11"]
[EventType "swiss"]
[EventRounds "9"]
[EventCountry "CZE"]
[SourceTitle "EXT 2014"]
[Source "ChessBase"]
[SourceDate "2013.11.20"]
[SourceVersion "1"]
[SourceVersionDate "2013.11.20"]
[SourceQuality "1"]

1. d4 g6 2. Nf3 Bg7 3. e3 d6 4. b3 b6 5. Bb2 Bb7 6. c4 c5 7. Be2 cxd4 8. exd4 e6 9. 0-0 Ne7 10. Nc3 0-0 11. Rb1 Nf5 12. d5 e5 13. Bd3 Bc8 14. Ba3 Re8 15. Ne4 Na6 16. b4 Ne7 17. b5 Nc5 18. Nxc5 bxc5 19. Nd2 f5 20. f3 f4 21. Qc2 Bf5 22. Ne4 Qb6 23. Bb2 Nxd5 24. cxd5 c4+ 25. Kh1 cxd3 26. Qxd3 Rac8 27. Rbc1 Rc7 28. Rxc7 Qxc7 29. Rc1 Qa5 30. Qc3 Qb6 31. Qc6 Rc8 32. Qxb6 Rxc1+ 33. Bxc1 axb6 34. a4 Bxe4 35. fxe4 Bf6 36. Ba3 Kf7 37. Bxd6 Ke8 38. Bc7 Bd8 39. Bxe5 g5 40. h4 h6 41. Bg7 h5 42. hxg5 Bxg5 43. Bd4 Bd8 44. Be5 Bg5 45. Bc7 Bd8 46. Bxf4 Kd7 47. Kh2 Be7 48. Kh3 Bf6 49. g4 hxg4+ 50. Kxg4 Bd4 51. Kf5 Bc5 52. e5 Bb4 53. d6 1-0

[Event "Liberec Metalmex op"]
[Site "Liberec"]
[Date "2012.08.13"]
[Round "4"]
[White "Hradecky, Ondrej"]
[Black "Babicky, Frantisek"]
[Result "1-0"]
[WhiteElo "1446"]
[BlackElo "1740"]
[PlyCount "83"]
[EventDate "2012.08.11"]
[EventType "swiss"]
[EventRounds "9"]
[EventCountry "CZE"]
[SourceTitle "EXT 2014"]
[Source "ChessBase"]
[SourceDate "2013.11.20"]
[SourceVersion "1"]
[SourceVersionDate "2013.11.20"]
[SourceQuality "1"]

1. e4 g6 2. Nc3 Bg7 3. Nf3 d6 4. Bc4 e6 5. 0-0 Nc6 6. Re1 Nge7 7. d3 0-0 8. Bd2 Na5 9. Bb3 Nxb3 10. axb3 Nc6 11. Qc1 Nd4 12. Nxd4 Bxd4 13. Be3 Bxe3 14. Qxe3 c5 15. d4 cxd4 16. Qxd4 e5 17. Qe3 a6 18. Red1 Re8 19. Nd5 f5 20. f3 fxe4 21. fxe4 Be6 22. Qd2 Rc8 23. c4 Rf8 24. Rf1 Rxf1+ 25. Rxf1 Kg7 26. h3 a5 27. Qf2 Bxd5 28. exd5 Qe7 29. Qb6 Rc5 30. Ra1 e4 31. Rxa5 Rxa5 32. Qxa5 e3 33. Qe1 Qe4 34. Qe2 Kf6 35. Qf3+ Qxf3 36. gxf3 Ke5 37. Kf1 Kd4 38. Ke2 g5 39. Ke1 Kd3 40. Kd1 e2+ 41. Ke1 Ke3 42. c5 1-0

[Event "Liberec Metalmex op"]
[Site "Liberec"]
[Date "2012.08.11"]
[Round "1"]
[White "Babicky, Frantisek"]
[Black "Polak, Benedikt"]
[Result "0-1"]
[WhiteElo "1740"]
[BlackElo "2146"]
[PlyCount "32"]
[EventDate "2012.08.11"]
[EventType "swiss"]
[EventRounds "9"]
[EventCountry "CZE"]
[SourceTitle "EXT 2014"]
[Source "ChessBase"]
[SourceDate "2013.11.20"]
[SourceVersion "1"]
[SourceVersionDate "2013.11.20"]
[SourceQuality "1"]

1. c4 Nf6 2. Nc3 g6 3. d4 d5 4. Nf3 Bg7 5. Bf4 0-0 6. Rc1 dxc4 7. e4 Bg4 8. Be2 c5 9. d5 b5 10. Qc2 e6 11. Nxb5 Qa5+ 12. Nc3 exd5 13. Bd2 Qd8 14. exd5 Nbd7 15. 0-0 Nb6 16. Rfd1 Bf5 0-1

[Event "Liberec Metalmex op"]
[Site "Liberec"]
[Date "2011.08.15"]
[Round "3"]
[White "Purkyt, Jaroslav"]
[Black "Babicky, Frantisek"]
[Result "0-1"]
[WhiteElo "1788"]
[BlackElo "1758"]
[PlyCount "60"]
[EventDate "2011.08.13"]
[EventType "swiss"]
[EventRounds "9"]
[EventCountry "CZE"]
[SourceTitle "CBM 143 Extra"]
[Source "ChessBase"]
[SourceDate "2011.08.29"]
[SourceVersion "1"]
[SourceVersionDate "2011.08.29"]
[SourceQuality "1"]

1. e4 d5 2. exd5 Nf6 3. Nf3 Nxd5 4. d4 Bf5 5. c3 Nd7 6. Bc4 N7b6 7. Bb3 e6 8. 0-0 Be7 9. Re1 0-0 10. Nbd2 Nf4 11. Ne4 Ng6 12. Bg5 Bxe4 13. Bxe7 Bxf3 14. Bxd8 Bxd1 15. Bxc7 Bxb3 16. Bg3 Bd5 17. b3 Rac8 18. c4 Bc6 19. Rad1 Rfd8 20. f3 Rd7 21. Rd2 Ne7 22. Red1 Nf5 23. Bf2 Rcd8 24. Kf1 Nc8 25. a4 a6 26. Ke2 b5 27. axb5 axb5 28. g4 Nfe7 29. Bg3 bxc4 30. bxc4 Nb6 0-1

[Event "Liberec Metalmex op"]
[Site "Liberec"]
[Date "2011.08.14"]
[Round "2"]
[White "Babicky, Frantisek"]
[Black "Jina, Lubos"]
[Result "0-1"]
[WhiteElo "1758"]
[BlackElo "1868"]
[PlyCount "80"]
[EventDate "2011.08.13"]
[EventType "swiss"]
[EventRounds "9"]
[EventCountry "CZE"]
[SourceTitle "CBM 143 Extra"]
[Source "ChessBase"]
[SourceDate "2011.08.29"]
[SourceVersion "1"]
[SourceVersionDate "2011.08.29"]
[SourceQuality "1"]

1. Nf3 Nf6 2. c4 Nc6 3. d4 e6 4. Nc3 d5 5. g3 Be7 6. cxd5 Nxd5 7. e4 Nxc3 8. bxc3 0-0 9. Bg2 b6 10. 0-0 Bb7 11. Rb1 Na5 12. Nd2 c5 13. Nb3 Nxb3 14. Rxb3 Qc7 15. Qg4 Rfd8 16. Bf4 Qc8 17. Bh6 g6 18. Rc1 Qd7 19. Bf1 Rac8 20. h4 f5 21. exf5 Qd5 22. f3 exf5 23. Qf4 Bf6 24. dxc5 Rxc5 25. Rb5 Kh8 26. Rxc5 Qxc5+ 27. Qe3 Qxe3+ 28. Bxe3 Bxf3 29. Kf2 Be4 30. Be2 Kg7 31. h5 g5 32. Bd4 Rd7 33. Bxf6+ Kxf6 34. Ke3 Ke5 35. a4 f4+ 36. gxf4+ gxf4+ 37. Kf2 Rd2 38. Ke1 Rb2 39. c4 f3 40. Bf1 f2+ 0-1

[Event "Liberec op 11th"]
[Site "Liberec"]
[Date "2010.10.28"]
[Round "6"]
[White "Babicky, Frantisek"]
[Black "Jina, Lubos"]
[Result "0-1"]
[WhiteElo "1781"]
[BlackElo "1891"]
[PlyCount "102"]
[EventDate "2010.10.23"]
[EventType "swiss"]
[EventRounds "9"]
[EventCountry "CZE"]
[SourceTitle "EXT 2011"]
[Source "ChessBase"]
[SourceDate "2010.11.26"]
[SourceVersion "1"]
[SourceVersionDate "2010.11.26"]
[SourceQuality "1"]

1. e4 c5 2. Nf3 Nc6 3. d4 cxd4 4. Nxd4 e6 5. Nc3 a6 6. Be2 Nf6 7. Bg5 h6 8. Bh4 Be7 9. 0-0 0-0 10. Kh1 Ne8 11. Nxc6 bxc6 12. Bg3 d6 13. f4 Qb6 14. Na4 Qa5 15. c3 Rb8 16. b4 Qd8 17. Nb2 Bb7 18. Bd3 Qc8 19. Nc4 c5 20. a3 cxb4 21. cxb4 Bxe4 22. Rc1 Qb7 23. Bxe4 Qxe4 24. Na5 Bf6 25. Re1 Qf5 26. Nc6 Rb7 27. Nd4 Qd5 28. Nf3 Qb5 29. Nd2 Bb2 30. Rc8 Bxa3 31. Ne4 Bxb4 32. Re2 a5 33. Rb2 Qd7 34. Rxe8 Rxe8 35. h3 d5 36. Nf2 Bd6 37. Re2 Reb8 38. Kh2 a4 39. Nd3 a3 40. Qa1 Qb5 41. Re3 Qb1 42. Qd4 a2 43. Re1 Qc2 44. Rc1 Qb3 45. Be1 Qb6 46. Qa1 Ra8 47. Bc3 f6 48. h4 Qe3 49. Rd1 Bxf4+ 50. g3 Qxg3+ 51. Kh1 Qh2# 0-1

[Event "Liberec op 11th"]
[Site "Liberec"]
[Date "2010.10.26"]
[Round "4"]
[White "Babicky, Frantisek"]
[Black "Gurtovoi, Borys"]
[Result "0-1"]
[WhiteElo "1781"]
[BlackElo "1990"]
[PlyCount "42"]
[EventDate "2010.10.23"]
[EventType "swiss"]
[EventRounds "9"]
[EventCountry "CZE"]
[SourceTitle "EXT 2011"]
[Source "ChessBase"]
[SourceDate "2010.11.26"]
[SourceVersion "1"]
[SourceVersionDate "2010.11.26"]
[SourceQuality "1"]

1. e4 c6 2. d4 g6 3. c4 Bg7 4. Nf3 d6 5. Nc3 Nf6 6. Be2 Qc7 7. 0-0 0-0 8. h3 Nbd7 9. Bf4 Nh5 10. Bh2 e5 11. d5 c5 12. Ng5 Nf4 13. Bxf4 exf4 14. Qd2 h6 15. Nf3 g5 16. Nh2 Ne5 17. Rac1 Qe7 18. Nf3 Bd7 19. Nxe5 Qxe5 20. Rfd1 a6 21. Na4 Bxa4 0-1